Districts of Lebanon - Statistics

General Stats
  • This quiz has been taken 31 times
  • The average score is 15 of 26
Answer Stats
Answer % Correct
Beirut
92%
Tyre
92%
Sidon
88%
Tripoli
88%
Baalbeck
76%
Batroun
72%
Akkar
68%
Zahle
68%
Byblos
60%
Chouf
60%
Aley
56%
Hermel
56%
Nabatieh
56%
Bcharri
52%
Bint Jbeil
52%
Zgharta
52%
Baabda
48%
Jezzine
48%
Marjayoun
48%
Metn
48%
Keserwen
44%
Koura
40%
Western Beqaa
36%
Hasbaya
32%
Rachaya
28%
Miniyeh-Daniyeh
16%
No matching quizzes found
Score Distribution
Percent of People with Each Score
Percentile by Number Answered
Your Score History
You have not taken this quiz